Programa Económico y Social de América Latina Informe 1987: tema especial fuerza de trabajo. Parte II

Kaydedildi:
Detaylı Bibliyografya
Müşterek Yazar: Banco Interamericano de Trabajo
Materyal Türü: Metin
Baskı/Yayın Bilgisi: Washington: Banco Interamericano de Trabajo
Etiketler: Etiketle
Etiket eklenmemiş, İlk siz ekleyin!

MARC

LEADER 00000 a a2200000 04500
001 25366
003
040
090 |a 181400  
110 |a Banco Interamericano de Trabajo  
245 |a Programa Económico y Social de América Latina Informe 1987: tema especial fuerza de trabajo. Parte II  
260 |a Washington:   |b Banco Interamericano de Trabajo  
300 |a 506 p   |b **no definido**   |b fonodiscos  
999 |c 1711  |d 1711